| 000 | 00949nam a2200313ua 4500 | ||
|---|---|---|---|
| 003 | CO-ViMGA | ||
| 005 | 20230915225026.0 | ||
| 008 | 121107s2012 ck a gr 00010 spa d | ||
| 020 | _a9789587660609 | ||
| 040 |
_aCO-ViMGA _bspa _cCO-ViMGA |
||
| 082 | 0 | 4 |
_a567 C65 _221 |
| 100 | 1 |
_aBuggisch, Werner. _9689 |
|
| 245 | 1 | 0 | _aFósiles / |
| 250 | _aEditor César A. Cardozo Tovar. | ||
| 260 | 3 |
_aBogotá : _bPanamericana Editorial, _c2012. |
|
| 300 |
_a48 p. : _bil. ; _c28 cm. |
||
| 490 | 1 | _aCómo y por qué | |
| 500 | _aIncluye índice. | ||
| 534 |
_pTítulo original : _tFossilien. |
||
| 650 | 1 | 4 |
_aAnimales fósiles. _9691 |
| 650 | 1 | 4 |
_aArqueología. _9693 |
| 650 | 1 | 4 |
_aFósiles. _9690 |
| 650 | 1 | 4 |
_aPaleontología. _9692 |
| 700 | 1 |
_aBuggisch, Christian. _9694 |
|
| 700 | 1 |
_aCardozo Tovar, César A., _eed. _9697 |
|
| 700 | 1 |
_aFernández del Pozo, Francisco, _etr. _9696 |
|
| 700 | 1 |
_aWieczorek, Marion, _eil. _9695 |
|
| 942 | _2ddc | ||
| 999 |
_c12118 _d12118 |
||